000 00485cam a22001814a 4500
005 20250605163550.0
008 250528s ||||||||||||||||||||||||d
035 _a21850
020 _a9789605311155
040 _aGR-AtMCL
_bgre
_dGR-AtMCL
_eAACR2
245 1 _aECDL/ICDL Ο ΕΥΚΟΛΟΣ ΤΡΟΠΟΣ ΜΕΡΟΣ Α
250 _a1
260 _bBusiness Communications Development Ltd
_bΔιαυλος,
_c2001
300 _a238
942 _cBK
999 _c6908
_d6908